| 000 | 01159cam a2200349 i 4500 | ||
|---|---|---|---|
| 999 |
_c200447446 _d65658 |
||
| 001 | 200447446 | ||
| 003 | TR-AnTOB | ||
| 005 | 20240829162434.0 | ||
| 007 | ta | ||
| 008 | 060327s2005 tu a b 100 0 tur | ||
| 010 | _a 2005461236 | ||
| 020 | _a9756483067 | ||
| 035 | _a(TR-AnTOB)200447446 | ||
| 040 |
_aDLC _beng _erda _cDLC _dTR-AnTOB |
||
| 041 | 0 | _atur | |
| 043 | _aa-tu--- | ||
| 050 | 0 | 0 |
_aHG5706.5.A3 _bB67 2003 |
| 090 |
_aHG5706.5.A3 _bB67 2003 |
||
| 245 | 0 | 0 |
_aBorsaların ekonomideki yeri ve globalleşme sürecinde yeniden yapılandırılmaları : _bTürkiye için model arayışı : İstanbul, 10 Nisan 2003. |
| 264 | 1 |
_aİstanbul : _bTSPAKB, _c2003. |
|
| 300 |
_a98 pages : _billustrations ; _c21 cm |
||
| 336 |
_atext _btxt _2rdacontent |
||
| 337 |
_aunmediated _bn _2rdamedia |
||
| 338 |
_avolume _bnc _2rdacarrier |
||
| 490 | 0 |
_aTSPAKB ; _vyayın no. 12 |
|
| 650 | 0 |
_aMenkul değerler borsası _zTürkiye _vKongreler _965227 |
|
| 651 | 0 |
_aTürkiye _xEkonomik durum _980633 |
|
| 710 | 2 |
_aTürkiye Sermaye Piyasası Aracı Kuruluşları Birliği _982740 |
|
| 942 |
_2lcc _cBK |
||